| LEADER |
00837nam0a2200205 450 |
| 001 |
16833552 |
| 010 |
|
|
|a 978-2-8153-1389-6
|b cart.
|d 9,95
|
| 100 |
|
|
|a 20181022d2019 u u0frey01 ba
|
| 101 |
0 |
|
|a fre
|
| 102 |
|
|
|a FR
|
| 200 |
0 |
|
|a Reconnaître le chant des oiseaux du jardin
|f Michel Luchesi
|g illustrations Maud Bihan
|
| 207 |
|
1 |
|a
|
| 210 |
|
|
|a Paris
|c Rusti'kid
|d 2019
|
| 215 |
|
|
|a 64 p.
|d 15 cm
|e 1 CD audio (20 min)
|
| 330 |
|
|
|a Un livre pour apprendre à identifier trente oiseaux (description physique, comportement, alimentation), accompagné d'un CD audio pour reconnaître leur chant. Electre 2019
|
| 700 |
|
0 |
|a Luchesi
|b Michel
|4 70
|
| 702 |
|
0 |
|a Bihan
|b Maud
|4 440
|
| 900 |
|
|
|a Documentaire jeunesse
|
| 901 |
|
|
|a Accessible au prêt
|
| 995 |
|
|
|a BD 13
|b 156
|c Bibliothèque
|f 00156007744956
|h 00156007744956
|k E 598 LUC
|o p
|q j
|r az
|e BD 13
|